[Event "SV Eichlinghofen 2 - SK Germania Kupfer"]
[Site "Verbandsklasse - Gruppe 2 202"]
[Date "2021.10.24"]
[Round "1.2"]
[White "Lenz, Helmut"]
[Black "Praemaßing, Reiner"]
[Result "1-0"]
[WhiteElo "1977"]
[BlackElo "1850"]
[PlyCount "71"]
[EventDate "2021.??.??"]
[WhiteTeam "SV Eichlinghofen 2"]
[BlackTeam "SK Germania Kupferdreh 1"]

1. c4 Nf6 2. Nf3 b6 3. b3 e6 4. Bb2 Bb7 5. e3 Be7 6. Nc3 c5 7. Qc2 Nc6 8. Rd1
Rc8 9. h4 Qc7 10. a3 h6 11. Rh3 a6 12. Be2 Bd6 13. Ne4 Nxe4 14. Qxe4 Ne5 15.
Qb1 Nxf3+ 16. Bxf3 Bxf3 17. Rxf3 Be5 18. d4 Bf6 19. d5 Bxb2 20. Qxb2 O-O 21.
Rg3 f6 22. d6 Qd8 23. h5 Rf7 24. Qe2 b5 25. cxb5 Qa5+ 26. Kf1 Qxa3 27. bxa6 Rc6
28. e4 Rxa6 29. b4 Qa4 30. bxc5 Ra5 31. Rc1 Qd4 32. Qd3 Qe5 33. Qc3 Qxc3 34.
Rgxc3 Rf8 35. Ke2 e5 36. c6 1-0

[Event "SV Eichlinghofen 2 - SK Germania Kupfer"]
[Site "Verbandsklasse - Gruppe 2 202"]
[Date "2021.10.24"]
[Round "1.3"]
[White "Bauriedel, Friedrich"]
[Black "Witthaus, Martin"]
[Result "1-0"]
[WhiteElo "1803"]
[BlackElo "1753"]
[PlyCount "53"]
[EventDate "2021.??.??"]
[WhiteTeam "SK Germania Kupferdreh 1"]
[BlackTeam "SV Eichlinghofen 2"]

1. d4 Nf6 2. Bg5 d5 3. e3 Bf5 4. Bd3 Bxd3 5. Qxd3 c6 6. Nd2 e6 7. f4 Be7 8.
Ngf3 Nbd7 9. O-O Qc7 10. Ne5 h6 11. Bh4 Rf8 12. Bf2 O-O-O 13. c4 g5 14. c5 gxf4
15. exf4 Nh5 16. Qf3 Nxf4 17. Bg3 Nxe5 18. Qxf4 Bg5 19. Qf2 Bxd2 20. Qxd2 Nc4
21. Qxh6 Qa5 22. Qf4 e5 23. Qf5+ Rd7 24. b3 Nd2 25. Qxe5 Qc7 26. Qe1 Qa5 27.
Rf2 1-0

[Event "SV Eichlinghofen 2 - SK Germania Kupfer"]
[Site "Verbandsklasse - Gruppe 2 202"]
[Date "2021.10.24"]
[Round "1.4"]
[White "Buechle, Manfred"]
[Black "Zagrabski, Kevin"]
[Result "1/2-1/2"]
[WhiteElo "1724"]
[BlackElo "1885"]
[PlyCount "117"]
[EventDate "2021.??.??"]
[WhiteTeam "SV Eichlinghofen 2"]
[BlackTeam "SK Germania Kupferdreh 1"]

1. e4 g6 2. d4 Bg7 3. Nf3 d6 4. h3 Nc6 5. Bb5 Bd7 6. c4 e5 7. Bxc6 Bxc6 8. d5
Bd7 9. O-O h6 10. Nc3 Ne7 11. Nh2 f5 12. f4 exf4 13. Bxf4 O-O 14. exf5 Nxf5 15.
g4 Ne7 16. Qd2 g5 17. Be3 Ng6 18. Rxf8+ Qxf8 19. Rf1 Qe7 20. Nf3 Ne5 21. Nxe5
Qxe5 22. Kg2 a6 23. Re1 Rf8 24. Qd3 b5 25. cxb5 axb5 26. Bd2 Qd4 27. Qxd4 Bxd4
28. Nd1 c6 29. Re7 Rf7 30. Rxf7 Kxf7 31. dxc6 Bxc6+ 32. Kf1 Ke6 33. b3 Ke5 34.
Ne3 Be4 35. a4 Bd3+ 36. Kg2 bxa4 37. bxa4 d5 38. Kf3 Bc5 39. a5 d4 40. Nd1 Be4+
41. Kg3 Bb7 42. h4 Be7 43. hxg5 Bxg5 44. Bxg5 hxg5 45. Nf2 Kd5 46. Nh3 d3 47.
Nf2 d2 48. Kf3 Kd4+ 49. Ke2 Kc3 50. Nd1+ Kc2 51. Ne3+ Kc1 52. Kd3 Bc8 53. Ke4
Bxg4 54. a6 d1=Q 55. Nxd1 Kxd1 56. a7 Ke2 57. a8=Q Bf3+ 58. Kf5 Bxa8 59. Kxg5
1/2-1/2

[Event "SV Eichlinghofen 2 - SK Germania Kupfer"]
[Site "Verbandsklasse - Gruppe 2 202"]
[Date "2021.10.24"]
[Round "1.5"]
[White "Degner, Friedhelm"]
[Black "Milkert, Sascha"]
[Result "0-1"]
[WhiteElo "1757"]
[BlackElo "1673"]
[PlyCount "58"]
[EventDate "2021.??.??"]
[WhiteTeam "SK Germania Kupferdreh 1"]
[BlackTeam "SV Eichlinghofen 2"]

1. f4 d5 2. e3 g6 3. Be2 Bg7 4. Nf3 c5 5. d3 Nc6 6. Nbd2 b5 7. O-O Bb7 8. Nb3
Qb6 9. d4 c4 10. Nc5 Nf6 11. Ne5 Nxe5 12. fxe5 Ne4 13. Nxb7 Qxb7 14. Bf3 f5 15.
Bxe4 dxe4 16. Bd2 Qd5 17. a4 Kf7 18. axb5 Rhb8 19. Ra5 Rxb5 20. Qa1 Rab8 21.
Bc3 Rxa5 22. Bxa5 Bh6 23. Kf2 f4 24. Ke2 Kg8 25. Bd2 c3 26. bxc3 Qc4+ 27. Kf2
fxe3+ 28. Bxe3 Rf8+ 29. Kg3 Rxf1 0-1

[Event "SV Eichlinghofen 2 - SK Germania Kupfer"]
[Site "Verbandsklasse - Gruppe 2 202"]
[Date "2021.10.24"]
[Round "1.6"]
[White "Hoffmann, Thomas"]
[Black "Struschka, Andreas"]
[Result "1-0"]
[WhiteElo "1817"]
[BlackElo "1868"]
[PlyCount "95"]
[EventDate "2021.??.??"]
[WhiteTeam "SV Eichlinghofen 2"]
[BlackTeam "SK Germania Kupferdreh 1"]

1. e4 g6 2. f4 d5 3. e5 h5 4. d4 Nh6 5. Nf3 Bg4 6. Be3 e6 7. Nbd2 c6 8. Bd3 Qb6
9. Rb1 c5 10. c3 Nc6 11. Qa4 Nf5 12. Bf2 cxd4 13. Nxd4 Nfxd4 14. Bxd4 Bc5 15.
Nb3 Bxd4 16. cxd4 Qb4+ 17. Qxb4 Nxb4 18. Bb5+ Ke7 19. a3 a6 20. axb4 axb5 21.
Kd2 Rhc8 22. Rhc1 b6 23. Ra1 Rxa1 24. Nxa1 Rc4 25. Rxc4 bxc4 26. Nc2 Bf5 27.
Na3 f6 28. Nb5 g5 29. g3 fxe5 30. fxe5 Bg6 31. Nd6 Kd7 32. b5 Kd8 33. Ke3 Kd7
34. h4 gxh4 35. gxh4 Bc2 36. Kf4 Bd3 37. Kg5 Be2 38. Kf6 Bd1 39. Nf7 Ba4 40.
Ng5 Bxb5 41. Nxe6 Bc6 42. Ng7 b5 43. Nxh5 b4 44. Nf4 Ke8 45. Kg7 Ba4 46. h5 Bc2
47. Nxd5 c3 48. Nxc3 1-0

[Event "SV Eichlinghofen 2 - SK Germania Kupfer"]
[Site "Verbandsklasse - Gruppe 2 202"]
[Date "2021.10.24"]
[Round "1.8"]
[White "Winkler, Daniel"]
[Black "Leonov, Artem"]
[Result "0-1"]
[WhiteElo "1512"]
[BlackElo "1650"]
[PlyCount "114"]
[EventDate "2021.??.??"]
[WhiteTeam "SV Eichlinghofen 2"]
[BlackTeam "SK Germania Kupferdreh 1"]

1. e4 g6 2. d4 Bg7 3. e5 c5 4. c3 Qb6 5. f4 d6 6. Nf3 Bg4 7. Qa4+ Bd7 8. Qc4
Be6 9. d5 Bg4 10. Ng5 dxe5 11. fxe5 Nh6 12. Nxh7 Rxh7 13. Bxh6 Bf5 14. Bxg7
Rxg7 15. g4 Bd7 16. b3 e6 17. d6 Bc6 18. Rg1 Nd7 19. a4 Nxe5 20. a5 Nxc4 21.
axb6 Nxb6 22. Na3 a6 23. Nc4 Nxc4 24. Bxc4 Kd7 25. O-O-O Rh7 26. Rgf1 b5 27.
Be2 b4 28. Bf3 bxc3 29. h4 Rf8 30. h5 Bxf3 31. Rxf3 gxh5 32. gxh5 Rxh5 33. Rxc3
Rc8 34. Rf3 Rh7 35. Rf4 Rc6 36. Re4 Rh5 37. Rf1 Rf5 38. Rxf5 exf5 39. Rf4 Ke6
40. d7 Rd6 41. Rh4 Rxd7 42. Rh6+ f6 43. Rh4 Rd4 44. Rh2 f4 45. Ra2 Rd6 46. Ra4
Ke5 47. Rc4 Rd5 48. Rc3 Kf5 49. Rc2 f3 50. Rd2 Ke4 51. Kd1 Rd3 52. Kc2 Rxd2+
53. Kxd2 Kd4 54. Ke1 Kc3 55. Kf2 Kxb3 56. Kxf3 c4 57. Ke3 Kc2 0-1

[Event "SC Rochade Rüttenscheid 1 - SV Königssp"]
[Site "Verbandsklasse - Gruppe 2 202"]
[Date "2021.10.24"]
[Round "1.1"]
[White "Lombardi, Marco"]
[Black "Michalek, Christoph"]
[Result "0-1"]
[WhiteElo "1930"]
[BlackElo "2141"]
[PlyCount "54"]
[EventDate "2021.??.??"]
[WhiteTeam "SV Königsspringer Haltern 1"]
[BlackTeam "SC Rochade Rüttenscheid 1"]

1. e4 c5 2. Nf3 Nc6 3. d4 cxd4 4. Nxd4 e6 5. Nc3 Qc7 6. Be3 a6 7. Qd2 Nf6 8. f3
b5 9. a3 Bb7 10. Be2 Ne5 11. g4 h6 12. h3 b4 13. axb4 Bxb4 14. Bf2 d5 15. O-O-O
dxe4 16. f4 Nc4 17. Bxc4 Qxc4 18. Rhe1 O-O-O 19. Qe2 Qc7 20. g5 Bxc3 21. gxf6
Bxe1 22. Qxe1 gxf6 23. Qe3 e5 24. fxe5 fxe5 25. Nb3 Rxd1+ 26. Kxd1 f5 27. Qa7
f4 0-1

[Event "SC Rochade Rüttenscheid 1 - SV Königssp"]
[Site "Verbandsklasse - Gruppe 2 202"]
[Date "2021.10.24"]
[Round "1.2"]
[White "Stanau, Guido"]
[Black "Czarnik, Jozef"]
[Result "1-0"]
[WhiteElo "2001"]
[BlackElo "1853"]
[PlyCount "113"]
[EventDate "2021.??.??"]
[WhiteTeam "SC Rochade Rüttenscheid 1"]
[BlackTeam "SV Königsspringer Haltern 1"]

1. e4 c5 2. Nf3 e6 3. c3 d5 4. exd5 exd5 5. d4 Nf6 6. Bg5 cxd4 7. Nxd4 Be7 8.
Bd3 O-O 9. Nd2 Re8 10. O-O h6 11. Bf4 Bd6 12. Bxd6 Qxd6 13. Nb5 Qd8 14. h3 Nc6
15. Nf3 a6 16. Nbd4 Qc7 17. Bc2 Bd7 18. Qd3 Ne5 19. Nxe5 Qxe5 20. Rad1 g6 21.
Bb3 Qf4 22. Qf3 Qxf3 23. Nxf3 Bb5 24. Rfe1 Be2 25. Rd2 Bxf3 26. Rxe8+ Rxe8 27.
gxf3 Re1+ 28. Kh2 Kg7 29. a4 b5 30. axb5 axb5 31. Bxd5 Re5 32. Bb3 Nh5 33. c4
Nf4 34. cxb5 Rxb5 35. Bc4 Re5 36. b4 Rh5 37. Bf1 Rf5 38. b5 Rf6 39. Ra2 Nd5 40.
Bd3 g5 41. Bc4 Nb6 42. Be2 Kg6 43. Bd3+ Kg7 44. Be4 h5 45. Ra6 Nc8 46. Bb7 Rxa6
47. bxa6 Na7 48. Kg3 f5 49. f4 h4+ 50. Kf3 Kf6 51. fxg5+ Kxg5 52. Ke3 Nb5 53.
f4+ Kf6 54. Bc6 Na7 55. Bd7 Ke7 56. Bxf5 Kd6 57. Kf3 1-0

[Event "SC Rochade Rüttenscheid 1 - SV Königssp"]
[Site "Verbandsklasse - Gruppe 2 202"]
[Date "2021.10.24"]
[Round "1.3"]
[White "Michalicek, Roland"]
[Black "Dorgarten, Armin"]
[Result "0-1"]
[WhiteElo "1847"]
[BlackElo "1947"]
[PlyCount "42"]
[EventDate "2021.??.??"]
[WhiteTeam "SV Königsspringer Haltern 1"]
[BlackTeam "SC Rochade Rüttenscheid 1"]

1. e4 d5 2. exd5 Nf6 3. d4 Nxd5 4. c4 Nb4 5. Qa4+ N8c6 6. d5 b5 7. Qxb5 Nc2+ 8.
Kd1 Nxa1 9. Qxc6+ Bd7 10. Qa6 e6 11. Bd3 Be7 12. Nc3 O-O 13. b3 Bb4 14. Bb2 Qf6
15. Nge2 Rfb8 16. Na4 Qxf2 17. Bxa1 Qe3 18. Bxh7+ Kxh7 19. Bc3 Bxa4 20. Bxb4
Rxb4 21. c5 Bb5 0-1

[Event "SC Rochade Rüttenscheid 1 - SV Königssp"]
[Site "Verbandsklasse - Gruppe 2 202"]
[Date "2021.10.24"]
[Round "1.4"]
[White "Koprek, Juergen"]
[Black "Schulz, Alfons"]
[Result "1/2-1/2"]
[WhiteElo "1882"]
[BlackElo "1784"]
[PlyCount "48"]
[EventDate "2021.??.??"]
[WhiteTeam "SC Rochade Rüttenscheid 1"]
[BlackTeam "SV Königsspringer Haltern 1"]

1. d4 Nf6 2. c4 e6 3. Nf3 c5 4. Nc3 a6 5. Bg5 cxd4 6. Nxd4 h6 7. Bh4 Be7 8. e3
d6 9. Be2 Nbd7 10. O-O O-O 11. Bg3 Qc7 12. Rc1 Ne5 13. b3 Ng6 14. Bf3 Ne5 15.
Be2 Bd7 16. f4 Nc6 17. Bf3 Qb6 18. Na4 Qa7 19. Bf2 e5 20. Nxc6 bxc6 21. e4 Qb7
22. Nb6 Rad8 23. fxe5 dxe5 24. Nxd7 Nxd7 1/2-1/2

[Event "SC Rochade Rüttenscheid 1 - SV Königssp"]
[Site "Verbandsklasse - Gruppe 2 202"]
[Date "2021.10.24"]
[Round "1.5"]
[White "Eusgeld, Michael"]
[Black "Storp, Thomas"]
[Result "1/2-1/2"]
[WhiteElo "1783"]
[BlackElo "1831"]
[PlyCount "95"]
[EventDate "2021.??.??"]
[WhiteTeam "SV Königsspringer Haltern 1"]
[BlackTeam "SC Rochade Rüttenscheid 1"]

1. d4 d5 2. c4 e6 3. Nf3 Nf6 4. Nc3 Be7 5. Bg5 O-O 6. e3 h6 7. Bh4 c6 8. Be2
Nbd7 9. O-O Re8 10. a3 b6 11. b4 dxc4 12. Bxc4 Bb7 13. Rc1 Nd5 14. Bg3 Nxc3 15.
Rxc3 Rc8 16. Be2 Bf6 17. Rc1 Qe7 18. Qa4 a6 19. Rfd1 Red8 20. h3 e5 21. dxe5
Nxe5 22. Nd4 c5 23. bxc5 Rxc5 24. Rxc5 Qxc5 25. Nf3 Rxd1+ 26. Bxd1 b5 27. Qb3
Bd5 28. Qc2 Nxf3+ 29. gxf3 Qxc2 30. Bxc2 Bxf3 31. Bd6 Bd5 32. Bf5 Be6 33. Bg4
Bxg4 34. hxg4 Bc3 35. Kf1 a5 36. Ke2 b4 37. Kd3 g6 38. axb4 axb4 39. f4 f5 40.
gxf5 gxf5 41. Bxb4 Bxb4 42. e4 h5 43. exf5 h4 44. Ke3 Kf7 45. Kf3 Kf6 46. Kg4
Be1 47. Kh3 Kxf5 48. Kh2 1/2-1/2

[Event "SC Rochade Rüttenscheid 1 - SV Königssp"]
[Site "Verbandsklasse - Gruppe 2 202"]
[Date "2021.10.24"]
[Round "1.6"]
[White "Bruckmann, Jochen"]
[Black "Backmann, Hans"]
[Result "1-0"]
[WhiteElo "1785"]
[BlackElo "1774"]
[PlyCount "49"]
[EventDate "2021.??.??"]
[WhiteTeam "SC Rochade Rüttenscheid 1"]
[BlackTeam "SV Königsspringer Haltern 1"]

1. e4 e5 2. f4 exf4 3. Nf3 Be7 4. Bc4 Bh4+ 5. g3 fxg3 6. O-O gxh2+ 7. Kh1 d5 8.
Bxd5 Nh6 9. d4 c6 10. Bxh6 cxd5 11. Ne5 Bf6 12. Bxg7 Bxe5 13. Qh5 Qe7 14. dxe5
Rg8 15. Qxh7 Rxg7 16. Qxg7 Be6 17. Nc3 dxe4 18. Rad1 Na6 19. Nxe4 Qf8 20. Qf6
Nc7 21. Nd6+ Kd7 22. Nxf7+ Bd5+ 23. Kxh2 Re8 24. c4 Re6 25. Qf5 1-0

[Event "SC Rochade Rüttenscheid 1 - SV Königssp"]
[Site "Verbandsklasse - Gruppe 2 202"]
[Date "2021.10.24"]
[Round "1.7"]
[White "Poeter, Manfred"]
[Black "Neaga, Bogdan"]
[Result "0-1"]
[WhiteElo "1779"]
[BlackElo "1843"]
[PlyCount "126"]
[EventDate "2021.??.??"]
[WhiteTeam "SV Königsspringer Haltern 1"]
[BlackTeam "SC Rochade Rüttenscheid 1"]

1. d4 Nf6 2. Bf4 e6 3. c3 Nd5 4. Bg3 f5 5. e3 Be7 6. Nf3 O-O 7. Bc4 Nb6 8. Bd3
d6 9. O-O N8d7 10. Qb3 Kh8 11. Nbd2 Qe8 12. Nc4 Qf7 13. Nxb6 Nxb6 14. Qc2 Qh5
15. Be2 Qh6 16. Bf4 g5 17. Bg3 f4 18. exf4 gxf4 19. Qd2 Kg7 20. Qd3 Bd7 21. Nd2
a6 22. a4 d5 23. a5 Bb5 24. Qf3 Bxe2 25. Qxe2 Nd7 26. Rfe1 fxg3 27. fxg3 Rf6
28. c4 Bb4 29. Red1 Bxd2 30. Rxd2 dxc4 31. Rc2 Raf8 32. Qxc4 Qe3+ 33. Kh1 Qb3
34. h3 Qxc4 35. Rxc4 c6 36. Rb4 Rb8 37. Kh2 Rf5 38. Rc4 Rbf8 39. b4 Nf6 40. g4
Rb5 41. Re1 Kf7 42. Ra1 Nd5 43. Ra4 Ke7 44. Kg3 h5 45. g5 Rf5 46. Kh4 Ne3 47.
Rc5 Nxg2+ 48. Kxh5 Nf4+ 49. Kg4 Nd3 50. Rxf5 exf5+ 51. Kf3 Rxb4 52. Rxb4 Nxb4
53. Kf4 Ke6 54. h4 Nd5+ 55. Kg3 Ne3 56. h5 Nc2 57. h6 Kf7 58. Kf4 Nxd4 59. Ke5
c5 60. Kd5 f4 61. Ke4 f3 62. Ke3 Kg6 63. Kf2 c4 0-1

[Event "SC Rochade Rüttenscheid 1 - SV Königssp"]
[Site "Verbandsklasse - Gruppe 2 202"]
[Date "2021.10.24"]
[Round "1.8"]
[White "Busacker, Holger"]
[Black "Truszkowski, Hans"]
[Result "1-0"]
[WhiteElo "1828"]
[BlackElo "1737"]
[PlyCount "47"]
[EventDate "2021.??.??"]
[WhiteTeam "SC Rochade Rüttenscheid 1"]
[BlackTeam "SV Königsspringer Haltern 1"]

1. e4 c5 2. Nc3 Nc6 3. Nf3 d6 4. d4 cxd4 5. Nxd4 Nf6 6. Be2 e6 7. Be3 Be7 8.
Qd2 Bd7 9. O-O-O a6 10. g4 Nxd4 11. Bxd4 e5 12. Be3 Nxg4 13. Bxg4 Bxg4 14. Rdf1
Be6 15. Rhg1 g6 16. f4 f5 17. exf5 Bxf5 18. Nd5 Rc8 19. Bb6 Qd7 20. c3 O-O 21.
fxe5 dxe5 22. Rxf5 Rxf5 23. Nf6+ Bxf6 24. Qxd7 1-0

[Event "SV Horst-Emscher 2 - SF Buer 1"]
[Site "Verbandsklasse - Gruppe 2 202"]
[Date "2021.10.24"]
[Round "1.1"]
[White "Große-Frintrop, Gerd"]
[Black "Renn, Thorsten"]
[Result "1/2-1/2"]
[WhiteElo "2006"]
[BlackElo "1877"]
[PlyCount "116"]
[EventDate "2021.??.??"]
[WhiteTeam "SF Buer 1"]
[BlackTeam "SV Horst-Emscher 2"]

1. d4 e6 2. c4 d5 3. cxd5 exd5 4. Nc3 c6 5. Qc2 Nf6 6. Bg5 Be7 7. e3 O-O 8. Bd3
Nbd7 9. Nge2 Re8 10. O-O Nf8 11. f3 h6 12. Bh4 Ne6 13. Rad1 Bd7 14. e4 dxe4 15.
fxe4 Ng4 16. Bxe7 Qxe7 17. Qd2 c5 18. h3 Nf6 19. e5 cxd4 20. exf6 dxc3 21. Nxc3
Qc5+ 22. Kh1 Bc6 23. fxg7 Qh5 24. Ne4 Bxe4 25. Bxe4 Rad8 26. Bf3 Rxd2 27. Bxh5
Rxd1 28. Rxd1 Nxg7 29. Bf3 Re7 30. Rd8+ Kh7 31. Kg1 Kg6 32. Kf2 Ne6 33. Rg8+
Kf6 34. Rh8 Kg7 35. Rc8 Nd4 36. Rc4 Nxf3 37. Kxf3 Re5 38. Rb4 b6 39. Ra4 Rb5
40. b3 a5 41. Rg4+ Kf6 42. Rc4 Kg5 43. Rc6 Rb4 44. g4 f6 45. Kg3 a4 46. Rc8 Kg6
47. Rc4 Rxc4 48. bxc4 f5 49. a3 Kg5 50. h4+ Kg6 51. Kf4 fxg4 52. Kxg4 h5+ 53.
Kf4 Kf6 54. Ke4 Ke6 55. Kd4 Kd6 56. Kc3 Ke5 57. Kb4 Kd4 58. Kxa4 Kxc4 1/2-1/2

[Event "SV Horst-Emscher 2 - SF Buer 1"]
[Site "Verbandsklasse - Gruppe 2 202"]
[Date "2021.10.24"]
[Round "1.2"]
[White "Becker, Marco"]
[Black "Renk, Christoph"]
[Result "1-0"]
[WhiteElo "1921"]
[BlackElo "1970"]
[PlyCount "69"]
[EventDate "2021.??.??"]
[WhiteTeam "SV Horst-Emscher 2"]
[BlackTeam "SF Buer 1"]

1. e4 c5 2. g3 Nc6 3. Bg2 g6 4. Ne2 Bg7 5. O-O h5 6. h3 d6 7. d3 Bd7 8. Nbc3
Nd4 9. Nxd4 cxd4 10. Ne2 Qc8 11. Kh2 Nf6 12. c3 dxc3 13. bxc3 h4 14. g4 Bxg4
15. hxg4 Nxg4+ 16. Kh1 h3 17. Bf3 Ne5 18. Ng3 Qxc3 19. Rb1 Qxd3 20. Qxd3 Nxd3
21. Rxb7 Bd4 22. Kg1 Bb6 23. Ba3 Bc5 24. Rb3 Bxa3 25. Rxa3 Ne5 26. Be2 O-O 27.
Rc1 e6 28. Rc7 Rfc8 29. Raxa7 Rxa7 30. Rxc8+ Kg7 31. Rc2 g5 32. Kh2 g4 33. Nf1
Ra4 34. Nd2 Kf6 35. Bb5 1-0

[Event "SV Horst-Emscher 2 - SF Buer 1"]
[Site "Verbandsklasse - Gruppe 2 202"]
[Date "2021.10.24"]
[Round "1.3"]
[White "Kreitling, Oliver"]
[Black "Verfuerth, Christian"]
[Result "1-0"]
[WhiteElo "1882"]
[BlackElo "1824"]
[PlyCount "63"]
[EventDate "2021.??.??"]
[WhiteTeam "SF Buer 1"]
[BlackTeam "SV Horst-Emscher 2"]

1. d4 e6 2. c4 f5 3. Nc3 Nf6 4. g3 c6 5. Nf3 d5 6. c5 b6 7. cxb6 axb6 8. Bf4
Bd6 9. Bxd6 Qxd6 10. Bg2 O-O 11. Qb3 Nbd7 12. O-O Ba6 13. Rfd1 Rfb8 14. Ng5 h6
15. Nh3 e5 16. dxe5 Qxe5 17. Nxd5 cxd5 18. Bxd5+ Nxd5 19. Rxd5 Qxe2 20. Rxd7+
Bc4 21. Qc3 Bf7 22. Re1 Qc4 23. Qxc4 Bxc4 24. Ree7 Rxa2 25. Rxg7+ Kf8 26. Nf4
Ra1+ 27. Kg2 Re1 28. Rh7 Ke8 29. Rdg7 Kd8 30. Rxh6 Bf1+ 31. Kf3 Bb5 32. Ne6+
1-0

[Event "SV Horst-Emscher 2 - SF Buer 1"]
[Site "Verbandsklasse - Gruppe 2 202"]
[Date "2021.10.24"]
[Round "1.4"]
[White "Doenges, Dirk"]
[Black "Olschewski, Niklas"]
[Result "1-0"]
[WhiteElo "1753"]
[BlackElo "1701"]
[PlyCount "73"]
[EventDate "2021.??.??"]
[WhiteTeam "SV Horst-Emscher 2"]
[BlackTeam "SF Buer 1"]

1. e4 c5 2. Nf3 e6 3. c4 a6 4. Nc3 Nc6 5. d4 cxd4 6. Nxd4 Qc7 7. Be2 Nf6 8. Be3
Bb4 9. f3 d5 10. Nxc6 bxc6 11. exd5 Bxc3+ 12. bxc3 cxd5 13. O-O O-O 14. Qd4 Bb7
15. Bg5 Nd7 16. cxd5 Bxd5 17. Rfd1 Nb6 18. Rab1 Nc4 19. Rb4 Rac8 20. h4 a5 21.
Rb3 a4 22. Rb4 Qc6 23. h5 h6 24. Bc1 Nd6 25. Rxa4 Nf5 26. Qf4 Qxc3 27. Bd3 Qc5+
28. Kh1 Qf2 29. Bxf5 exf5 30. Be3 Qe2 31. Rxd5 Rfe8 32. Re5 Rxe5 33. Qxe5 Qe1+
34. Kh2 Rd8 35. Rd4 Ra8 36. a4 Qa1 37. Rd8+ 1-0

[Event "SV Horst-Emscher 2 - SF Buer 1"]
[Site "Verbandsklasse - Gruppe 2 202"]
[Date "2021.10.24"]
[Round "1.5"]
[White "Seppelfricke, Guido"]
[Black "Konietzka, Bernd"]
[Result "1/2-1/2"]
[WhiteElo "1851"]
[BlackElo "1890"]
[PlyCount "141"]
[EventDate "2021.??.??"]
[WhiteTeam "SF Buer 1"]
[BlackTeam "SV Horst-Emscher 2"]

1. e4 c5 2. Nf3 e6 3. d4 cxd4 4. Nxd4 Nf6 5. Nc3 Nc6 6. a3 a6 7. Be3 Qc7 8. Be2
Be7 9. O-O O-O 10. Qd2 Rd8 11. f4 d6 12. Rad1 Bd7 13. f5 Ne5 14. fxe6 fxe6 15.
Bg5 Rf8 16. Kh1 Rae8 17. Nb3 Bc6 18. Bxf6 Rxf6 19. Rxf6 gxf6 20. Qe3 Bf8 21.
Rf1 Bg7 22. Qg3 Qe7 23. Na5 Rc8 24. Nc4 Nxc4 25. Bxc4 b5 26. Bd3 Rd8 27. Ne2 d5
28. exd5 Rxd5 29. Be4 Rc5 30. Bxc6 Rxc6 31. Nd4 Rc4 32. c3 e5 33. Nf5 Qd7 34.
Nxg7 Qxg7 35. Rxf6 Re4 36. Rxa6 Qxg3 37. hxg3 Re2 38. b4 Rc2 39. Re6 Rxc3 40.
Rxe5 Rxg3 41. Rxb5 Rxa3 42. Rb7 Rb3 43. b5 h5 44. b6 h4 45. Kh2 Kf8 46. Rb8+
Kf7 47. b7 Kg7 48. Kg1 Rb2 49. Kf1 Kh7 50. Ke1 Kg7 51. Kd1 Kh7 52. Kc1 Rb6 53.
Kc2 Kg7 54. Kc3 Kh7 55. Kc4 Kg7 56. Kc5 Rb2 57. Kd4 Rb6 58. Ke4 Rb5 59. Kf4 Rb2
60. Kf3 Rb4 61. Ke3 Kh7 62. Kf3 Kg7 63. g4 hxg3 64. Kxg3 Kh7 65. Kf3 Kg7 66.
Ke3 Kh7 67. Kd3 Kg7 68. Kc3 Rb6 69. Kc4 Rb1 70. Kc5 Rc1+ 71. Kb6 1/2-1/2

[Event "SV Horst-Emscher 2 - SF Buer 1"]
[Site "Verbandsklasse - Gruppe 2 202"]
[Date "2021.10.24"]
[Round "1.6"]
[White "Schreiner, Paulo"]
[Black "Momot, Martin"]
[Result "1/2-1/2"]
[WhiteElo "1774"]
[BlackElo "1726"]
[PlyCount "32"]
[EventDate "2021.??.??"]
[WhiteTeam "SV Horst-Emscher 2"]
[BlackTeam "SF Buer 1"]

1. d4 d5 2. c4 c6 3. Nf3 Nf6 4. Nc3 e6 5. Bg5 Be7 6. e3 Nbd7 7. Bd3 O-O 8. O-O
Re8 9. Qc2 h6 10. Bh4 dxc4 11. Bxc4 Nd5 12. Bxe7 Qxe7 13. Bxd5 exd5 14. Rab1
Nf6 15. b4 g6 16. Qb3 Bf5 1/2-1/2

[Event "SV Horst-Emscher 2 - SF Buer 1"]
[Site "Verbandsklasse - Gruppe 2 202"]
[Date "2021.10.24"]
[Round "1.7"]
[White "Ebert, Manfred"]
[Black "Kotter, Michael"]
[Result "1/2-1/2"]
[WhiteElo "1865"]
[BlackElo "1852"]
[PlyCount "39"]
[EventDate "2021.??.??"]
[WhiteTeam "SF Buer 1"]
[BlackTeam "SV Horst-Emscher 2"]

1. c4 Nf6 2. Nc3 e5 3. g3 g6 4. Bg2 Bg7 5. e3 O-O 6. Nge2 d6 7. O-O Nc6 8. d4
exd4 9. exd4 Rb8 10. d5 Ne5 11. b3 Re8 12. h3 Ned7 13. Bg5 h6 14. Be3 a5 15.
Qd2 Kh7 16. g4 Nc5 17. f3 Bd7 18. Rae1 Ra8 19. Bf4 Ng8 20. Ng3 1/2-1/2

[Event "SV Horst-Emscher 2 - SF Buer 1"]
[Site "Verbandsklasse - Gruppe 2 202"]
[Date "2021.10.24"]
[Round "1.8"]
[White "Rohsiepe, Sebastian"]
[Black "Wilbert, Siegfried"]
[Result "1-0"]
[WhiteElo "1629"]
[BlackElo "1898"]
[PlyCount "119"]
[EventDate "2021.??.??"]
[WhiteTeam "SV Horst-Emscher 2"]
[BlackTeam "SF Buer 1"]

1. e4 c5 2. c3 d5 3. exd5 Qxd5 4. Nf3 Nc6 5. d4 Bg4 6. dxc5 Qxd1+ 7. Kxd1 e5 8.
Be2 Bxc5 9. Be3 Bxe3 10. fxe3 O-O-O+ 11. Nbd2 f5 12. Ng5 Bxe2+ 13. Kxe2 Rd7 14.
Rad1 h6 15. Ne6 Nf6 16. Nc4 g6 17. Nd6+ Kb8 18. Nc5 Re7 19. Rd2 Rf8 20. Rhd1 e4
21. Nc4 Ne5 22. Nxe5 Rxe5 23. Nd7+ Nxd7 24. Rxd7 Rb5 25. R1d2 Rc8 26. R7d6 Rc6
27. Rxc6 bxc6 28. c4 Rb4 29. b3 Kc7 30. Kd1 a5 31. Kc2 Rb8 32. g3 Rf8 33. Kc3
g5 34. Rd4 c5 35. Rd5 Kc6 36. Kd2 Rf7 37. Ke2 f4 38. exf4 gxf4 39. gxf4 Rxf4
40. Rh5 Rf6 41. Ke3 Re6 42. Rh4 a4 43. Rxe4 Rg6 44. Rh4 axb3 45. axb3 Kb6 46.
Rh5 Re6+ 47. Kf4 Rc6 48. Ke5 Rg6 49. Kd5 Rf6 50. Re5 Rg6 51. Re6+ Rxe6 52. Kxe6
Ka5 53. Kd5 Kb4 54. h3 h5 55. h4 Kxb3 56. Kxc5 Kc3 57. Kd5 Kd3 58. c5 Ke3 59.
Ke5 Kf3 60. Kf5 1-0

[Event "SV Wattenscheid 3 - SK Werne 1"]
[Site "Verbandsklasse - Gruppe 3 202"]
[Date "2021.10.24"]
[Round "1.1"]
[White "Schlierkamp, Ferdinand"]
[Black "Thelen, Thomas"]
[Result "1-0"]
[WhiteElo "2003"]
[BlackElo "2061"]
[PlyCount "49"]
[EventDate "2021.??.??"]
[WhiteTeam "SK Werne 1"]
[BlackTeam "SV Wattenscheid 3"]

1. e4 c5 2. Nf3 d6 3. d4 cxd4 4. Nxd4 Nf6 5. Nc3 a6 6. Bg5 e6 7. f4 Be7 8. Qf3
h6 9. Bh4 g5 10. fxg5 Nfd7 11. Nxe6 fxe6 12. Qh5+ Kf8 13. Bb5 Rh7 14. O-O+ Kg8
15. g6 Rg7 16. Rf7 Bxh4 17. Qxh6 Rxf7 18. gxf7+ Kxf7 19. Rf1+ Bf6 20. e5 dxe5
21. Ne4 Qf8 22. Rxf6+ Nxf6 23. Qxf6+ Kg8 24. Qg6+ Kh8 25. Nf6 1-0

[Event "SV Wattenscheid 3 - SK Werne 1"]
[Site "Verbandsklasse - Gruppe 3 202"]
[Date "2021.10.24"]
[Round "1.2"]
[White "Meyer, Juergen"]
[Black "Schnelting, Michael"]
[Result "1/2-1/2"]
[WhiteElo "1857"]
[BlackElo "1949"]
[PlyCount "109"]
[EventDate "2021.??.??"]
[WhiteTeam "SV Wattenscheid 3"]
[BlackTeam "SK Werne 1"]

1. d4 d6 2. e4 Nf6 3. Nc3 e5 4. Nf3 exd4 5. Nxd4 Be7 6. Bc4 O-O 7. O-O c6 8. a4
Re8 9. f3 a5 10. Be3 Nbd7 11. Nf5 d5 12. exd5 Nb6 13. Nxe7+ Rxe7 14. Bxb6 Qxb6+
15. Kh1 cxd5 16. Nxd5 Nxd5 17. Qxd5 Be6 18. Qb5 Qxb5 19. Bxb5 Rc8 20. Rad1 g6
21. Rd2 Rec7 22. c3 h5 23. h4 Kg7 24. Re1 Rc5 25. Re4 R8c7 26. Rdd4 Kf6 27. Kg1
Kg7 28. Kf2 Kf6 29. Rf4+ Kg7 30. Ke3 Re5+ 31. Kd2 Rec5 32. c4 g5 33. hxg5 Rxg5
34. g4 h4 35. Kc3 Re5 36. Rde4 Rxe4 37. Rxe4 Kf6 38. Kd4 Rc8 39. Ke3 Rd8 40.
Kf4 Rd2 41. b3 Rb2 42. Re5 Rxb3 43. Rh5 Rc3 44. c5 Bb3 45. Rxh4 Rxc5 46. Rh6+
Kg7 47. Rb6 Bd5 48. Bd3 Bc6 49. Be4 Rc4 50. Ke5 f6+ 51. Kf5 Bd7+ 52. Kf4 Bc6
53. Kf5 Bd7+ 54. Kf4 Bc6 55. Kf5 1/2-1/2